000 00506nam a2200193Ia 4500
005 20240823021253.0
008 240823s9999||||xx |||||||||||||| ||und||
041 _aENGLISH
082 _A621.381548 N2
100 _aHelfrick.Albert D
245 0 _aModern Electronic Instrumentation and Measurement Techniques
250 _a1st
260 _c1992
_b"PHI,New Delhi"
500 _aYES
650 _aInstrumentation
_bInstrumentation
700 _a" Cooper,William D"
942 _cBK
999 _c176671
_d176671